[Event "European Online Club-ch-H 2021"]
[Site "Online"]
[Date "2021.03.27"]
[Round "8.13"]
[White "Mamedov, Rauf"]
[Black "Vasli, Aref"]
[Result "1-0"]
[WhiteElo "2654"]
[BlackElo "2384"]
[Annotator "ChessBase"]
[PlyCount "73"]
[EventDate "2021.03.27"]
[EventType "team-tourn"]
[EventCountry "NET"]
[SourceTitle "playchess.com"]
[Source "ChessBase"]
[SourceQuality "1"]
[TimeControl "900+5"]

1. e4 {[%emt 0:00:00]} e5 {[%emt 0:00:02]} 2. Nf3 {[%emt 0:00:02]} Nc6 {[%emt 0:00:02]} 3. Bc4 {[%emt 0:00:02]} Bc5 {[%emt 0:00:02]} 4. c3 {[%emt 0:00:01]} Nf6 {[%emt 0:00:01]} 5. d3 {[%emt 0:00:01]} d6 {[%emt 0:00:06]} 6. Nbd2 {[%emt 0:00:02]} O-O {[%emt 0:00:16]} 7. h3 {[%emt 0:00:08]} a5 {[%emt 0:00:03]} 8. Nf1 {[%emt 0:00:02]} Be6 {[%emt 0:00:22]} 9. Bb5 {[%emt 0:00:04]} h6 {[%emt 0:00:25]} 10. Ng3 {[%emt 0:00:04]} Bd7 {[%emt 0:00:45]} 11. O-O {[%emt 0:00:07]} Re8 {[%emt 0:00:18]} 12. a4 {[%emt 0:00:15]} d5 {[%emt 0:00:39]} 13. exd5 {[%emt 0:00:05]} Nxd5 {[%emt 0:00:01]} 14. Re1 {[%emt 0:00:02]} Bd6 {[%emt 0:00:22]} 15. Bc4 {[%emt 0:00:01]} Nf4 {[%emt 0:00:16]} 16. Bxf4 {[%emt 0:00:08]} exf4 {[%emt 0:00:02]} 17. Ne4 {[%emt 0:00:02]} Ne5 {[%emt 0:00:40]} 18. Nxe5 {[%emt 0:00:07]} Rxe5 {[%emt 0:00:25]} 19. d4 {[%emt 0:00:04]} Re7 {[%emt 0:00:36]} 20. Qd2 {[%emt 0:01:27]} f3 {[%emt 0:00:21]} 21. Nxd6 {[%emt 0:00:08]} cxd6 {[%emt 0:00:09]} 22. Qf4 {[%emt 0:00:06]} fxg2 {[%emt 0:00:11]} 23. Qxd6 {[%emt 0:00:21]} Rxe1+ {[%emt 0:00:08]} 24. Rxe1 {[%emt 0:00:00]} Bxh3 {[%emt 0:00:12]} 25. Qg3 {[%emt 0:00:57]} Qd7 {[%emt 0:02:08]} 26. b3 {[%emt 0:00:14]} Rc8 {[%emt 0:01:44]} 27. Re5 {[%emt 0:00:08]} b6 {[%emt 0:00:13]} 28. Ba6 {[%emt 0:01:24]} Rd8 {[%emt 0:00:39]} 29. Bc4 {[%emt 0:00:31]} Rc8 {[%emt 0:00:14]} 30. Qe3 {[%emt 0:00:56]} Qg4 {[%emt 0:00:30]} 31. Be2 {[%emt 0:00:04]} Qg6 {[%emt 0:00:09]} 32. Qxh3 {[%emt 0:00:03]} Qb1+ {[%emt 0:00:34]} 33. Kxg2 {[%emt 0:00:02]} Qg6+ {[%emt 0:00:01]} 34. Kh2 {[%emt 0:00:06]} Rd8 {[%emt 0:00:12]} 35. Bd3 {[%emt 0:00:02]} Qd6 {[%emt 0:00:02]} 36. Kg2 {[%emt 0:00:03]} f6 {[%emt 0:00:27]} 37. Qe6+ {[%emt 0:00:03]} 1-0

[Event "European Online Club-ch-H 2021"]
[Site "Online"]
[Date "2021.03.27"]
[Round "8.14"]
[White "Aabling-Thomsen, Jakob"]
[Black "Asadli, Vugar"]
[Result "0-1"]
[WhiteElo "2348"]
[BlackElo "2572"]
[Annotator "ChessBase"]
[PlyCount "104"]
[EventDate "2021.03.27"]
[EventType "team-tourn"]
[EventCountry "NET"]
[SourceTitle "playchess.com"]
[Source "ChessBase"]
[SourceQuality "1"]
[TimeControl "900+5"]

1. e4 {[%emt 0:00:00]} c6 {[%emt 0:00:15]} 2. d3 {[%emt 0:00:09]} d5 {[%emt 0:00:07]} 3. Nd2 {[%emt 0:00:02]} e5 {[%emt 0:00:12]} 4. Ngf3 {[%emt 0:00:02]} Bd6 {[%emt 0:00:01]} 5. g3 {[%emt 0:00:02]} Nf6 {[%emt 0:00:03]} 6. Bg2 {[%emt 0:00:01]} O-O {[%emt 0:00:02]} 7. O-O {[%emt 0:00:02]} Re8 {[%emt 0:00:01]} 8. Re1 {[%emt 0:00:02]} Bg4 {[%emt 0:00:22]} 9. h3 {[%emt 0:00:03]} Bh5 {[%emt 0:00:01]} 10. Nf1 {[%emt 0:01:08]} Nbd7 {[%emt 0:00:20]} 11. Ne3 {[%emt 0:00:17]} dxe4 {[%emt 0:00:41]} 12. dxe4 {[%emt 0:00:03]} Nc5 {[%emt 0:00:34]} 13. Nf5 {[%emt 0:00:19]} Bc7 {[%emt 0:00:26]} 14. Qxd8 {[%emt 0:00:13]} Raxd8 {[%emt 0:00:03]} 15. Bg5 {[%emt 0:00:02]} Ncxe4 {[%emt 0:00:18]} 16. Rxe4 {[%emt 0:00:30]} Nxe4 {[%emt 0:00:05]} 17. Bxd8 {[%emt 0:00:01]} Rxd8 {[%emt 0:00:22]} 18. Re1 {[%emt 0:00:05]} Bxf3 {[%emt 0:00:23]} 19. Bxf3 {[%emt 0:00:14]} Ng5 {[%emt 0:00:05]} 20. Bg4 {[%emt 0:00:14]} g6 {[%emt 0:00:27]} 21. Ne3 {[%emt 0:00:02]} f5 {[%emt 0:00:38]} 22. h4 {[%emt 0:00:03]} Nf7 {[%emt 0:00:27]} 23. Be2 {[%emt 0:00:04]} Kg7 {[%emt 0:00:03]} 24. h5 {[%emt 0:00:52]} Kf6 {[%emt 0:00:16]} 25. hxg6 {[%emt 0:00:03]} hxg6 {[%emt 0:00:01]} 26. Kg2 {[%emt 0:00:03]} e4 {[%emt 0:00:18]} 27. Rh1 {[%emt 0:00:28]} b5 {[%emt 0:00:25]} 28. Kf1 {[%emt 0:00:11]} Bb6 {[%emt 0:00:07]} 29. Ke1 {[%emt 0:00:09]} Ng5 {[%emt 0:00:09]} 30. Ng2 {[%emt 0:00:38]} a5 {[%emt 0:00:15]} 31. Nf4 {[%emt 0:00:13]} Bc7 {[%emt 0:00:03]} 32. Ng2 {[%emt 0:00:18]} a4 {[%emt 0:00:05]} 33. Ne3 {[%emt 0:00:17]} Be5 {[%emt 0:00:04]} 34. Nd1 {[%emt 0:00:07]} Bd4 {[%emt 0:00:18]} 35. c3 {[%emt 0:00:26]} Be5 {[%emt 0:00:07]} 36. a3 {[%emt 0:00:04]} Rb8 {[%emt 0:00:22]} 37. Ne3 {[%emt 0:00:08]} Rd8 {[%emt 0:00:04]} 38. Nc2 {[%emt 0:00:06]} Bd6 {[%emt 0:00:13]} 39. Nd4 {[%emt 0:00:03]} Rc8 {[%emt 0:00:02]} 40. Kd2 {[%emt 0:00:26]} Bc5 {[%emt 0:00:02]} 41. Kc2 {[%emt 0:00:18]} Bxd4 {[%emt 0:00:11]} 42. cxd4 {[%emt 0:00:00]} Ne6 {[%emt 0:00:02]} 43. Rd1 {[%emt 0:00:13]} Rh8 {[%emt 0:00:17]} 44. d5 {[%emt 0:00:05]} cxd5 {[%emt 0:00:02]} 45. Rxd5 {[%emt 0:00:02]} Rh2 {[%emt 0:00:01]} 46. Bxb5 {[%emt 0:00:03]} Rxf2+ {[%emt 0:00:02]} 47. Kb1 {[%emt 0:00:05]} Nc7 {[%emt 0:00:06]} 48. Rd6+ {[%emt 0:00:21]} Ke5 {[%emt 0:00:03]} 49. Rb6 {[%emt 0:00:02]} Nxb5 {[%emt 0:00:02]} 50. Rxb5+ {[%emt 0:00:00]} Kd4 {[%emt 0:00:01]} 51. Rb4+ {[%emt 0:00:10]} Kd3 {[%emt 0:00:01]} 52. Rxa4 {[%emt 0:00:02]} e3 {[%emt 0:00:01]} 0-1

[Event "European Online Club-ch-H 2021"]
[Site "Online"]
[Date "2021.03.27"]
[Round "8.15"]
[White "Suleymanli, Aydin"]
[Black "Carstensen, Jacob"]
[Result "1-0"]
[WhiteElo "2512"]
[BlackElo "2361"]
[Annotator "ChessBase"]
[PlyCount "75"]
[EventDate "2021.03.27"]
[EventType "team-tourn"]
[EventCountry "NET"]
[SourceTitle "playchess.com"]
[Source "ChessBase"]
[SourceQuality "1"]
[TimeControl "900+5"]

1. d4 {[%emt 0:00:00]} Nf6 {[%emt 0:00:03]} 2. c4 {[%emt 0:00:03]} e6 {[%emt 0:00:01]} 3. Nc3 {[%emt 0:00:01]} Bb4 {[%emt 0:00:01]} 4. f3 {[%emt 0:00:01]} d5 {[%emt 0:00:01]} 5. a3 {[%emt 0:00:04]} Bxc3+ {[%emt 0:00:02]} 6. bxc3 {[%emt 0:00:01]} c5 {[%emt 0:00:05]} 7. cxd5 {[%emt 0:00:27]} Nxd5 {[%emt 0:00:02]} 8. dxc5 {[%emt 0:00:12]} f5 {[%emt 0:00:01]} 9. Nh3 {[%emt 0:00:16]} O-O {[%emt 0:00:17]} 10. Nf4 {[%emt 0:00:23]} Nc6 {[%emt 0:00:02]} 11. Nxd5 {[%emt 0:00:03]} exd5 {[%emt 0:00:01]} 12. Bf4 {[%emt 0:00:01]} Be6 {[%emt 0:00:02]} 13. Qd2 {[%emt 0:00:08]} Qa5 {[%emt 0:00:19]} 14. Bd6 {[%emt 0:00:19]} Rfd8 {[%emt 0:00:03]} 15. e3 {[%emt 0:00:21]} b6 {[%emt 0:00:35]} 16. Bc7 {[%emt 0:00:03]} Rdc8 {[%emt 0:00:02]} 17. cxb6 {[%emt 0:00:02]} axb6 {[%emt 0:00:02]} 18. Bd6 {[%emt 0:00:05]} Rd8 {[%emt 0:00:07]} 19. Bf4 {[%emt 0:00:03]} Qc5 {[%emt 0:00:07]} 20. a4 {[%emt 0:00:08]} Na5 {[%emt 0:00:11]} 21. Qb2 {[%emt 0:00:44]} Rdc8 {[%emt 0:02:01]} 22. Ra3 {[%emt 0:00:26]} h6 {[%emt 0:01:17]} 23. h4 {[%emt 0:00:12]} Bf7 {[%emt 0:00:47]} 24. Bd3 {[%emt 0:00:32]} Nc4 {[%emt 0:00:04]} 25. Bxc4 {[%emt 0:00:04]} Qxc4 {[%emt 0:00:01]} 26. Be5 {[%emt 0:01:27]} Rxa4 {[%emt 0:01:42]} 27. Rxa4 {[%emt 0:00:03]} Qxa4 {[%emt 0:00:00]} 28. Bd4 {[%emt 0:00:04]} Qc4 {[%emt 0:00:54]} 29. Kf2 {[%emt 0:00:11]} Ra8 {[%emt 0:00:04]} 30. Ra1 {[%emt 0:01:44]} Rxa1 {[%emt 0:00:11]} 31. Qxa1 {[%emt 0:00:03]} Qc6 {[%emt 0:00:16]} 32. Qa7 {[%emt 0:00:06]} h5 {[%emt 0:00:36]} 33. Qb8+ {[%emt 0:00:23]} Kh7 {[%emt 0:00:12]} 34. Qd8 {[%emt 0:00:05]} b5 {[%emt 0:00:21]} 35. Qe7 {[%emt 0:00:10]} Qe8 {[%emt 0:00:14]} 36. Qc7 {[%emt 0:00:08]} Kg6 {[%emt 0:00:23]} 37. Qg3+ {[%emt 0:00:04]} Kh6 {[%emt 0:00:05]} 38. Qxg7# {[%emt 0:00:02]} 1-0

[Event "European Online Club-ch-H 2021"]
[Site "Online"]
[Date "2021.03.27"]
[Round "8.16"]
[White "Hald Falkesgaard, Jeppe"]
[Black "Ahmadzada, Ahmad"]
[Result "0-1"]
[WhiteElo "1986"]
[BlackElo "2431"]
[Annotator "NA"]
[PlyCount "70"]
[EventDate "2021.03.27"]
[EventType "team-tourn"]
[EventCountry "NET"]
[SourceTitle "playchess.com"]
[Source "ChessBase"]
[SourceQuality "1"]
[TimeControl "900+5"]

1. c4 {[%emt 0:00:00]} Nf6 {[%emt 0:00:04]} 2. Nc3 {[%emt 0:00:03]} g6 {[%emt 0:00:11]} 3. e4 {[%emt 0:00:03]} d6 {[%emt 0:00:01]} 4. d4 {[%emt 0:00:02]} Bg7 {[%emt 0:00:02]} 5. h3 {[%emt 0:00:02]} O-O {[%emt 0:00:06]} 6. Be2 {[%emt 0:00:03]} c5 {[%emt 0:00:03]} 7. d5 {[%emt 0:00:03]} e6 {[%emt 0:00:02]} 8. Nf3 {[%emt 0:00:12]} exd5 {[%emt 0:00:03]} 9. cxd5 {[%emt 0:00:09]} Re8 {[%emt 0:00:18]} 10. Qc2 {[%emt 0:00:08]} Na6 {[%emt 0:00:08]} 11. a3 {[%emt 0:00:16]} Nc7 {[%emt 0:01:09]} 12. O-O {[%emt 0:02:37]} Rb8 {[%emt 0:00:20]} 13. a4 {[%emt 0:00:52]} Na6 {[%emt 0:00:08]} 14. Bg5 {[%emt 0:00:19]} Nb4 {[%emt 0:00:05]} 15. Qd2 {[%emt 0:00:23]} a6 {[%emt 0:00:56]} 16. Qf4 {[%emt 0:01:37]} Nh5 {[%emt 0:01:29]} 17. Qc1 {[%emt 0:00:08]} Qc7 {[%emt 0:00:31]} 18. Nd2 {[%emt 0:01:09]} h6 {[%emt 0:01:01]} 19. Bh4 {[%emt 0:00:28]} Nf4 {[%emt 0:00:12]} 20. Bg3 {[%emt 0:00:24]} Nxe2+ {[%emt 0:00:18]} 21. Nxe2 {[%emt 0:00:04]} b5 {[%emt 0:00:15]} 22. Nc3 {[%emt 0:01:26]} Bd7 {[%emt 0:00:18]} 23. f4 {[%emt 0:00:43]} f5 {[%emt 0:00:53]} 24. Nf3 {[%emt 0:01:03]} fxe4 {[%emt 0:00:23]} 25. Nh4 {[%emt 0:00:05]} Bf5 {[%emt 0:00:20]} 26. Qd1 {[%emt 0:00:19]} Qf7 {[%emt 0:00:25]} 27. Qe2 {[%emt 0:00:15]} Nxd5 {[%emt 0:00:33]} 28. axb5 {[%emt 0:00:48]} Nxc3 {[%emt 0:00:09]} 29. bxc3 {[%emt 0:00:03]} axb5 {[%emt 0:00:02]} 30. Ra6 {[%emt 0:00:11]} d5 {[%emt 0:00:21]} 31. Bf2 {[%emt 0:00:17]} e3 {[%emt 0:00:13]} 32. Bg3 {[%emt 0:00:27]} d4 {[%emt 0:00:08]} 33. Nf3 {[%emt 0:00:12]} d3 {[%emt 0:00:02]} 34. Qe1 {[%emt 0:00:11]} d2 {[%emt 0:00:10]} 35. Qe2 {[%emt 0:00:12]} Qc4 {[%emt 0:00:02]} 0-1

[Event "European Online Club-ch-H 2021"]
[Site "Online"]
[Date "2021.03.27"]
[Round "8.17"]
[White "Nagy, Gabor"]
[Black "Parvanyan, Ashot"]
[Result "1-0"]
[WhiteElo "2509"]
[BlackElo "2436"]
[Annotator "ChessBase"]
[PlyCount "55"]
[EventDate "2021.03.27"]
[EventType "team-tourn"]
[EventCountry "NET"]
[SourceTitle "playchess.com"]
[Source "ChessBase"]
[SourceQuality "1"]
[TimeControl "900+5"]

1. Nf3 {[%emt 0:00:00]} Nf6 {[%emt 0:00:16]} 2. c4 {[%emt 0:00:05]} c5 {[%emt 0:00:29]} 3. Nc3 {[%emt 0:00:04]} d5 {[%emt 0:00:11]} 4. cxd5 {[%emt 0:00:04]} Nxd5 {[%emt 0:00:00]} 5. g3 {[%emt 0:00:10]} Nc6 {[%emt 0:00:24]} 6. Bg2 {[%emt 0:00:05]} Nc7 {[%emt 0:00:32]} 7. O-O {[%emt 0:00:04]} e5 {[%emt 0:00:03]} 8. a3 {[%emt 0:00:02]} f6 {[%emt 0:01:56]} 9. e3 {[%emt 0:00:04]} Be7 {[%emt 0:00:48]} 10. d4 {[%emt 0:00:12]} cxd4 {[%emt 0:00:07]} 11. exd4 {[%emt 0:00:01]} exd4 {[%emt 0:00:06]} 12. Ne2 {[%emt 0:00:05]} Ne6 {[%emt 0:00:21]} 13. Nf4 {[%emt 0:00:05]} Nxf4 {[%emt 0:00:20]} 14. Bxf4 {[%emt 0:00:04]} O-O {[%emt 0:01:00]} 15. b4 {[%emt 0:00:05]} a6 {[%emt 0:01:25]} 16. Qb3+ {[%emt 0:00:35]} Kh8 {[%emt 0:00:02]} 17. Rad1 {[%emt 0:00:02]} Bg4 {[%emt 0:01:16]} 18. h3 {[%emt 0:00:15]} Bh5 {[%emt 0:00:58]} 19. Qb2 {[%emt 0:00:28]} Bxf3 {[%emt 0:02:42]} 20. Bxf3 {[%emt 0:00:04]} Qd7 {[%emt 0:01:18]} 21. Bxc6 {[%emt 0:00:54]} Qxc6 {[%emt 0:00:07]} 22. Rfe1 {[%emt 0:00:01]} Bd8 {[%emt 0:01:29]} 23. Rxd4 {[%emt 0:00:21]} Rc8 {[%emt 0:00:54]} 24. Rd6 {[%emt 0:00:14]} Qf3 {[%emt 0:00:06]} 25. Rd7 {[%emt 0:00:51]} Bb6 {[%emt 0:00:02]} 26. Qe2 {[%emt 0:00:14]} Qc6 {[%emt 0:00:09]} 27. Rd6 {[%emt 0:00:05]} Qb5 {[%emt 0:00:04]} 28. Qxb5 {[%emt 0:00:03]} 1-0

[Event "European Online Club-ch-H 2021"]
[Site "Online"]
[Date "2021.03.27"]
[Round "8.18"]
[White "Olsen, Filip Boe"]
[Black "Mihok, Oliver"]
[Result "0-1"]
[WhiteElo "2379"]
[BlackElo "2540"]
[Annotator "ChessBase"]
[PlyCount "62"]
[EventDate "2021.03.27"]
[EventType "team-tourn"]
[EventCountry "NET"]
[SourceTitle "playchess.com"]
[Source "ChessBase"]
[SourceQuality "1"]
[TimeControl "900+5"]

1. d4 {[%emt 0:00:00]} Nf6 {[%emt 0:00:05]} 2. c4 {[%emt 0:00:02]} g6 {[%emt 0:00:01]} 3. Nc3 {[%emt 0:00:03]} Bg7 {[%emt 0:00:02]} 4. e4 {[%emt 0:00:02]} d6 {[%emt 0:00:01]} 5. h3 {[%emt 0:00:02]} e5 {[%emt 0:00:01]} 6. d5 {[%emt 0:00:08]} Na6 {[%emt 0:00:02]} 7. g4 {[%emt 0:00:48]} Nc5 {[%emt 0:00:11]} 8. f3 {[%emt 0:00:11]} h5 {[%emt 0:01:06]} 9. g5 {[%emt 0:00:35]} Nh7 {[%emt 0:00:05]} 10. h4 {[%emt 0:00:38]} f6 {[%emt 0:00:04]} 11. Nh3 {[%emt 0:01:59]} Bxh3 {[%emt 0:01:22]} 12. gxf6 {[%emt 0:02:42]} Bxf6 {[%emt 0:00:19]} 13. Bxh3 {[%emt 0:00:03]} Bxh4+ {[%emt 0:00:12]} 14. Ke2 {[%emt 0:00:09]} a5 {[%emt 0:00:56]} 15. Be3 {[%emt 0:01:29]} O-O {[%emt 0:00:33]} 16. Qg1 {[%emt 0:00:45]} Qf6 {[%emt 0:00:18]} 17. Rf1 {[%emt 0:00:27]} Bg5 {[%emt 0:02:06]} 18. f4 {[%emt 0:03:04]} exf4 {[%emt 0:01:05]} 19. Bd4 {[%emt 0:01:12]} f3+ {[%emt 0:00:11]} 20. Kd1 {[%emt 0:00:02]} Qf4 {[%emt 0:01:34]} 21. Kc2 {[%emt 0:00:04]} b6 {[%emt 0:01:21]} 22. Rh2 {[%emt 0:00:51]} Rae8 {[%emt 0:00:09]} 23. Kb1 {[%emt 0:00:46]} Nxe4 {[%emt 0:00:49]} 24. Be6+ {[%emt 0:00:46]} Rxe6 {[%emt 0:00:01]} 25. dxe6 {[%emt 0:00:02]} Nd2+ {[%emt 0:00:28]} 26. Rxd2 {[%emt 0:00:02]} Qxd2 {[%emt 0:00:02]} 27. Nd5 {[%emt 0:00:02]} Qd3+ {[%emt 0:00:31]} 28. Ka1 {[%emt 0:00:02]} c6 {[%emt 0:01:15]} 29. Rd1 {[%emt 0:00:03]} Qc2 {[%emt 0:00:21]} 30. Nc7 {[%emt 0:00:20]} f2 {[%emt 0:00:08]} 31. Qf1 {[%emt 0:00:07]} Qxd1+ {[%emt 0:00:05]} 0-1

[Event "European Online Club-ch-H 2021"]
[Site "Online"]
[Date "2021.03.27"]
[Round "8.19"]
[White "Glek, Igor"]
[Black "Pajeken, Jakob Leon"]
[Result "1-0"]
[WhiteElo "2475"]
[BlackElo "2323"]
[Annotator "ChessBase"]
[PlyCount "95"]
[EventDate "2021.03.27"]
[EventType "team-tourn"]
[EventCountry "NET"]
[SourceTitle "playchess.com"]
[Source "ChessBase"]
[SourceQuality "1"]
[TimeControl "900+5"]

1. e4 {[%emt 0:00:00]} e5 {[%emt 0:00:02]} 2. Nf3 {[%emt 0:00:03]} Nc6 {[%emt 0:00:02]} 3. Nc3 {[%emt 0:00:02]} Nf6 {[%emt 0:00:01]} 4. g3 {[%emt 0:00:01]} d5 {[%emt 0:00:03]} 5. exd5 {[%emt 0:00:01]} Nxd5 {[%emt 0:00:01]} 6. Bg2 {[%emt 0:00:01]} Nxc3 {[%emt 0:00:02]} 7. bxc3 {[%emt 0:00:01]} Bc5 {[%emt 0:00:01]} 8. O-O {[%emt 0:00:02]} O-O {[%emt 0:00:02]} 9. d3 {[%emt 0:00:01]} h6 {[%emt 0:00:09]} 10. Rb1 {[%emt 0:00:10]} Bb6 {[%emt 0:00:08]} 11. Re1 {[%emt 0:00:10]} Qf6 {[%emt 0:00:42]} 12. Qe2 {[%emt 0:00:49]} Bg4 {[%emt 0:01:10]} 13. h3 {[%emt 0:00:02]} Bh5 {[%emt 0:00:06]} 14. g4 {[%emt 0:00:11]} Bg6 {[%emt 0:00:03]} 15. g5 {[%emt 0:00:39]} hxg5 {[%emt 0:00:26]} 16. Nxg5 {[%emt 0:00:17]} Rfe8 {[%emt 0:00:50]} 17. Be3 {[%emt 0:00:46]} Rad8 {[%emt 0:01:23]} 18. Qg4 {[%emt 0:00:24]} Qf5 {[%emt 0:03:48]} 19. Be4 {[%emt 0:00:50]} Qxg4+ {[%emt 0:00:08]} 20. hxg4 {[%emt 0:00:03]} Bxe4 {[%emt 0:00:17]} 21. Nxe4 {[%emt 0:00:03]} f6 {[%emt 0:00:14]} 22. Kg2 {[%emt 0:00:11]} Ne7 {[%emt 0:00:33]} 23. Bd2 {[%emt 0:00:19]} Rd7 {[%emt 0:00:27]} 24. c4 {[%emt 0:00:14]} c5 {[%emt 0:00:26]} 25. Rb5 {[%emt 0:00:29]} Rc8 {[%emt 0:00:58]} 26. Be3 {[%emt 0:00:07]} Nc6 {[%emt 0:00:10]} 27. Reb1 {[%emt 0:00:29]} Nb4 {[%emt 0:00:34]} 28. Rb2 {[%emt 0:00:04]} Rc6 {[%emt 0:00:51]} 29. Bxc5 {[%emt 0:00:18]} Na6 {[%emt 0:00:31]} 30. Bxb6 {[%emt 0:00:18]} axb6 {[%emt 0:00:03]} 31. Rxb6 {[%emt 0:00:02]} Rcc7 {[%emt 0:00:11]} 32. Kf3 {[%emt 0:00:13]} Kf7 {[%emt 0:00:02]} 33. Nd6+ {[%emt 0:00:22]} Ke7 {[%emt 0:00:09]} 34. Nxb7 {[%emt 0:00:03]} Nc5 {[%emt 0:00:06]} 35. Nxc5 {[%emt 0:00:06]} Rxc5 {[%emt 0:00:01]} 36. Rb7 {[%emt 0:00:11]} Ra5 {[%emt 0:00:04]} 37. Ke3 {[%emt 0:00:31]} g6 {[%emt 0:00:16]} 38. Rxd7+ {[%emt 0:00:16]} Kxd7 {[%emt 0:00:03]} 39. Rb7+ {[%emt 0:00:02]} Ke6 {[%emt 0:00:03]} 40. Rb6+ {[%emt 0:00:01]} Ke7 {[%emt 0:00:03]} 41. Rb2 {[%emt 0:00:08]} Ke6 {[%emt 0:00:08]} 42. Kd2 {[%emt 0:00:05]} Ra3 {[%emt 0:00:09]} 43. Rb6+ {[%emt 0:00:10]} Ke7 {[%emt 0:00:04]} 44. g5 {[%emt 0:00:03]} fxg5 {[%emt 0:00:09]} 45. Rxg6 {[%emt 0:00:02]} Rxa2 {[%emt 0:00:01]} 46. Rxg5 {[%emt 0:00:04]} Kf6 {[%emt 0:00:02]} 47. Rg4 {[%emt 0:00:04]} Ra1 {[%emt 0:00:04]} 48. c5 {[%emt 0:00:03]} 1-0

[Event "European Online Club-ch-H 2021"]
[Site "Online"]
[Date "2021.03.27"]
[Round "8.20"]
[White "Arndt, Magnus"]
[Black "Meessen, Rudolf"]
[Result "1/2-1/2"]
[WhiteElo "2282"]
[BlackElo "2223"]
[Annotator "NA"]
[PlyCount "74"]
[EventDate "2021.03.27"]
[EventType "team-tourn"]
[EventCountry "NET"]
[SourceTitle "playchess.com"]
[Source "ChessBase"]
[SourceQuality "1"]
[TimeControl "900+5"]

1. e4 {[%emt 0:00:00]} e6 {[%emt 0:00:14]} 2. d4 {[%emt 0:00:04]} d5 {[%emt 0:00:02]} 3. Nc3 {[%emt 0:00:03]} Nf6 {[%emt 0:00:01]} 4. Bg5 {[%emt 0:00:03]} Be7 {[%emt 0:00:04]} 5. e5 {[%emt 0:00:02]} Nfd7 {[%emt 0:00:02]} 6. Bxe7 {[%emt 0:00:00]} Qxe7 {[%emt 0:00:02]} 7. f4 {[%emt 0:00:01]} a6 {[%emt 0:00:01]} 8. Nf3 {[%emt 0:00:04]} c5 {[%emt 0:00:14]} 9. dxc5 {[%emt 0:00:04]} Nc6 {[%emt 0:00:07]} 10. Bd3 {[%emt 0:00:19]} Qxc5 {[%emt 0:00:35]} 11. Qd2 {[%emt 0:00:07]} b5 {[%emt 0:00:03]} 12. Qf2 {[%emt 0:00:27]} b4 {[%emt 0:00:51]} 13. Ne2 {[%emt 0:00:08]} Qxf2+ {[%emt 0:00:20]} 14. Kxf2 {[%emt 0:00:00]} Nc5 {[%emt 0:00:02]} 15. Ke3 {[%emt 0:01:15]} f6 {[%emt 0:00:48]} 16. Ned4 {[%emt 0:00:20]} Nxd4 {[%emt 0:00:28]} 17. Kxd4 {[%emt 0:01:37]} Nd7 {[%emt 0:00:04]} 18. a3 {[%emt 0:02:34]} Rb8 {[%emt 0:00:46]} 19. b3 {[%emt 0:00:26]} O-O {[%emt 0:00:39]} 20. Rhe1 {[%emt 0:00:44]} fxe5+ {[%emt 0:00:28]} 21. fxe5 {[%emt 0:00:00]} h6 {[%emt 0:01:28]} 22. axb4 {[%emt 0:01:55]} Rxb4+ {[%emt 0:00:06]} 23. Kc3 {[%emt 0:00:01]} Rg4 {[%emt 0:00:25]} 24. Nd4 {[%emt 0:02:28]} Nc5 {[%emt 0:00:38]} 25. g3 {[%emt 0:00:04]} Nxd3 {[%emt 0:01:27]} 26. Kxd3 {[%emt 0:01:09]} Rf2 {[%emt 0:01:49]} 27. b4 {[%emt 0:00:53]} Rxh2 {[%emt 0:01:57]} 28. b5 {[%emt 0:00:19]} axb5 {[%emt 0:02:06]} 29. Ra8 {[%emt 0:00:11]} Rxd4+ {[%emt 0:00:01]} 30. Kxd4 {[%emt 0:00:02]} Rxc2 {[%emt 0:00:00]} 31. Rb1 {[%emt 0:00:37]} Rc4+ {[%emt 0:00:03]} 32. Kd3 {[%emt 0:00:10]} b4 {[%emt 0:00:01]} 33. Rb8 {[%emt 0:00:29]} Kh7 {[%emt 0:00:38]} 34. R1xb4 {[%emt 0:00:01]} Rc1 {[%emt 0:00:19]} 35. R4b6 {[%emt 0:00:09]} Rc4 {[%emt 0:00:21]} 36. Rd6 {[%emt 0:00:07]} Kg6 {[%emt 0:00:16]} 37. Ke3 {[%emt 0:00:45]} Kf5 {[%emt 0:00:16]} 1/2-1/2